Η ανακάλυψη του πνεύματος : ελληνικές ρίζες της ευρωπαϊκής σκέψης
Αποθηκεύτηκε σε:
| Κύριος συγγραφέας: | |
|---|---|
| Άλλοι συγγραφείς: | |
| Μορφή: | Βιβλίο |
| Γλώσσα: | Greek German |
| Δημοσίευση: |
Αθήνα :
Μορφωτικό Ιδρυμα Εθνικής Τραπέζης,
1997.
|
| Έκδοση: | 4η έκδ. |
| Θέματα: | |
| Ετικέτες: |
Προσθήκη ετικέτας
Δεν υπάρχουν, Καταχωρήστε ετικέτα πρώτοι!
|
MARC
| LEADER | 00000cam a2200000 i 4500 | ||
|---|---|---|---|
| 001 | 1/22309 | ||
| 008 | 980515s1997 gr | ||| |||| ||gre|| | ||
| 020 | |a 9602500018 | ||
| 035 | |l 10036525 | ||
| 040 | |a GR-MyUA |b gre |e AACR2 | ||
| 041 | 1 | |a gre |h ger | |
| 082 | 0 | |a 180.9495 | |
| 100 | 1 | |a Snell, Bruno |d 1896- | |
| 245 | 1 | 2 | |a Η ανακάλυψη του πνεύματος : |b ελληνικές ρίζες της ευρωπαϊκής σκέψης / |c Bruno Snell ; μετάφραση Δανιήλ Ι. Ιακώβ. |
| 250 | |a 4η έκδ. | ||
| 260 | |a Αθήνα : |b Μορφωτικό Ιδρυμα Εθνικής Τραπέζης, |c 1997. | ||
| 300 | |a 491 σ. | ||
| 500 | |a Τίτλος πρωτοτύπου: Die entdeckung des geistes.Studien zur entstehung des europaischen denkens bei den griechen. | ||
| 650 | 0 | 0 | |a Philosophy, Ancient. |
| 650 | 0 | 0 | |a Greek literature |x History and criticism. |
| 650 | 0 | 0 | |a Thought and thinking. |
| 651 | 0 | |a Greece |x Intellectual life |y To 146 B.C. | |
| 651 | 0 | |a Greece |x Religion. | |
| 700 | 1 | |a Ιακώβ, Δανιήλ Ι. |e trl | |
| 852 | |a INST |b RHODES |e 19980515 |h 180.9495 SNE |p 005400006479 |q 005400006479 |t BK |y 0 | ||
| 909 | |a Ρ |b 053067 | ||
| 922 | |a 4ΕΛΗ |b 199801 |c ΚΠΣ/ΔΕ |d EMVASIS | ||